02333nam a2200229 a 4500008004100000020001800041041000800059092001900067100002500086245007800111250001200189260003500201300002200236500012600258505142100384590002601805655002101831700002201852942001301874999001501887952020101902171103e2014 ag ||||g |||| 00| 0 spa d a9789504936923 aspa c616.8l51sMAN1 aManes, Facundo94107 aUsar el cerebro.bConocer nuestra mente para vivir mejor /cFacundo Manes a13a ed. aBuenos Aires:bPlaneta;c2014. a368 p.c21x13 cm. aManes, F. y Niro, M. (2014). Usar el cerebro. Conocer nuestra mente para vivir mejor. (13a ed.). Buenos Aires : Planeta.  aCómo tomamos cada una de nuestras decisiones? ¿Qué es la ciencia? ¿Y qué son las emociones? ¿De dónde viene la inteligencia? El cerebro humano es la estructura más complejo del universo, tanto que se propone el desafío de entenderse a sí mismo. Todo lo que hacemos depende de esta "máquina" que contiene más neuronas que las estrellas que existen en nuestra galaxia. Hasta hace solo algunas décadas estas incógnitas eran abordadas únicamente por filósofos, artistas, líderes religiosos y científicos que trabajan de manera aislada. Sin embargo, en los últimos años las neurociencias emergieron como una nueva herramienta para intentar entender estos y otros enigmas. Por tratarse de una disciplina tan importante, ligada a preguntas e interrogantes vitales, es fundamental que su trabajo y sus logros no queden atrapados en laboratorios, sino que sean conocidos y compartidos por todos y cada uno de nosotros. Por eso, un libro de como Usar el cerebro se vuelve indispensable. Porque Facundo Manes -una autoridad internacional en el tema- de la mano de Mateo Niro, no solo deja en claro que el estudio neurocientífico resulta tan apasionante como innovador, sino también que, más allá de sus alcances, ha logrado progresos y descubrimientos que permitieron enriquecer la calidad de vida de millones de personas. En pocas palabras: conocer nuestra mente para vivir mejor.  aDonacion Febrero 2020 aLiteratura929171 aNiro, Mateo94108 2ddccLIT c3061d3061 00102ddc4070aBFMbBFMcCRd2020-02-11eDonación Constanzo Juan Carlos, Febrero 2020l0o616.8 51 MANp4612r2020-02-11tEj. 1w2020-02-11yLITzDonación Constanzo Juan Carlos, Febrero 2020